Sports Quiz

Random Sports or NFL Quiz
Score 0/32 Timer 03:00
0 Plays Today
Team Quarterback % Correct
Dallas CowboysTony Romo
98.8%
Arizona CardinalsKurt Warner
98%
New England PatriotsTom Brady
98%
Indianapolis ColtsPeyton Manning
98%
New York GiantsEli Manning
97.8%
Philadelphia EaglesDonovan McNabb
97.3%
Atlanta FalconsMatt Ryan
96.8%
New Orleans SaintsDrew Brees
96.8%
Baltimore RavensJoe Flacco
96%
Cincinnati BengalsCarson Palmer
96%
Chicago BearsJay Cutler
95.5%
Minnesota VikingsBrett Favre
95.3%
New York JetsMark Sanchez
95.3%
Green Bay PackersArron Rodgers
95%
Denver BroncosKyle Orton
93.3%
San Diego ChargersPhilip Rivers
93.3%
Team Quarterback % Correct
Carolina PanthersJake Delhomme
93%
Detroit LionsMatt Stafford
92.5%
Cleveland BrownsBrady Quinn or Derek Anderson
92.5%
Miami DolphinsChad Henne or Chad Pennington
91.5%
Pittsburgh SteelersBen Roethlisberger
90.8%
Oakland RaidersJaMarcus Russell
88.5%
Houston TexansMatt Schaub
86.5%
Kansas City ChiefsMatt Cassel
86.3%
Seattle SeahawksMatt Hasselbeck
85.5%
Buffalo BillsTrent Edwards
85.5%
Saint Louis RamsMarc Bulger
84%
Jacksonville JaguarsDavid Garrard
83.3%
Tennessee TitansKerry Collins
81.5%
Washington RedskinsJason Campbell
80.5%
Tampa Bay BuccaneersByron Leftwich or Josh Johnson
61.5%
San Francisco 49ersShaun Hill
58.8%
Remove Ads.
Support Sporcle.
Get the best of Sporcle when you Go Orange. This ad-free experience offers more features, more stats, and more fun while also helping to support Sporcle. Thank you for becoming a member.

You're not logged in!

Compare scores with friends on all Sporcle quizzes.
OR
Log In

Show Comments

Extras

Top Quizzes Today


Score Distribution

Your Account Isn't Verified!

In order to create a playlist on Sporcle, you need to verify the email address you used during registration. Go to your Sporcle Settings to finish the process.

Report this User

Report this user for behavior that violates our Community Guidelines.

Details: